Policajná teória a prax Roč. VIII, Č. 3-4/2000

Gespeichert in:
Bibliographische Detailangaben
Format: Buch
Sprache:Slowakisch
Veröffentlicht: Bratislava : Akad. Policajného zboru, 2000
Ausgabe:1. vyd.
Schlagworte:
ISSN:1335-1370
Online-Zugang: Volltext
Tags: Tag hinzufügen
Keine Tags, Fügen Sie den ersten Tag hinzu!

MARC

LEADER 00000nam a2200000 4500
003 SK-BrCVT
005 20230525121638.0
008 221214c2000 xo slo
022 |a 1335-1370 
035 |a CVTIDW0016878 
040 |a CVTISR  |c CVTISR  |e AACR2 
041 |a slo 
044 |a xo  |c SK 
245 0 |a Policajná teória a prax  |b Roč. VIII, Č. 3-4/2000 
250 |a 1. vyd. 
260 1 |a Bratislava :  |b Akad. Policajného zboru,  |c 2000 
300 |a 210 s. 
655 4 |a zborníky  |9 34875 
910 |a 3460  |b P010145 
974 |a cvti cvti  |f Knihy neprofilové  |b cvti cvti 
992 |a AZN 
997 |h WINISIS 
999 |c 281358  |d 281358